| 000 | 00356nam a2200133 a 4500 | ||
|---|---|---|---|
| 008 | 980428s1976||||xx 0 und c | ||
| 040 |
_aSNK _bslo _cSNK _eAACR2 |
||
| 245 | 1 | 0 | _aRuská gramatika pre poslucháčov vysokých škôl - neruštinárov |
| 260 |
_aBratislava _bSPN _c1976 |
||
| 300 | _a292 s. | ||
| 020 | _c22,65 | ||
| 044 |
_axo _cSK |
||
| 041 | _aslo | ||
| 999 |
_c19165 _d19165 |
||